"Toward an honorable world," (Record no. 14929)

000 -LEADER
fixed length control field 00626cam a22001691 4500
040 ## - CATALOGING SOURCE
Transcribing agency GEU
082 ## - DEWEY DECIMAL CLASSIFICATION NUMBER
Classification number 376 CHA 1940 A072 Or.
110 2# - MAIN ENTRY--CORPORATE NAME
Corporate name or jurisdiction name as entry element Wilson College (Chambersburg, Pa.)
245 10 - TITLE STATEMENT
Title "Toward an honorable world,"
Remainder of title a symposium celebrating the seventh anniversary of the opening of the college, Saturday, October twelfth, nineteen hundred and forty, Chambersburg, Pennsylvania.
260 ## - PUBLICATION, DISTRIBUTION, ETC. (IMPRINT)
Place of publication [Chambersburg, Pa.,
Year of publication 1940]
300 ## - PHYSICAL DESCRIPTION
Number of Pages 2 p. l., 7-38 p.
Dimensions 23 cm.
490 0# - SERIES STATEMENT
Series statement Wilson College bulletin,
500 ## - GENERAL NOTE
General note Cover-title.
500 ## - GENERAL NOTE
General note At head of title : Wilson College.
650 #0 - SUBJECT ADDED ENTRY--TOPICAL TERM
Topical Term Civilization.
942 ## - ADDED ENTRY ELEMENTS (KOHA)
Koha item type សៀវភៅភាសាអង់គ្លេស
952 ## - LOCATION AND ITEM INFORMATION (KOHA)
Withdrawn status [LOCAL, KOHA] 0
Holdings
Permanent Location Date acquired Koha item type Lost status Shelving location Barcode Current Location Full call number
Library Block A2017-11-01សៀវភៅភាសាអង់គ្លេស A072A06971Library Block A376 CHA 1940 A072 Or.
មជ្ឈមណ្ឌលឯការនៃសាកលវិទ្យាល័យភូមិន្ទកសិកម្មចំការដូង

Powered by Koha